Complete the Card - WWE Invasion 2001 - Statistics

General Stats
  • This quiz has been taken 510 times
  • The average score is 26 of 38
Answer Stats
Answer % Correct
Stone Cold Steve Austin
95%
Kane
92%
Kurt Angle
92%
The Undertaker
92%
Chris Jericho
89%
Booker T
86%
Bubba Ray Dudley
85%
D-Von Dudley
85%
Jeff Hardy
85%
Rob Van Dam
85%
Edge
82%
Trish Stratus
82%
Christian
81%
Lita
78%
The Big Show
78%
Diamond Dallas Page
73%
Torrie Wilson
73%
Stacy Keibler
70%
Rhyno
68%
X-Pac
68%
Bradshaw
62%
Faarooq
62%
Earl Hebner
60%
Billy Kidman
59%
Lance Storm
58%
Raven
58%
Tazz
57%
William Regal
57%
Billy Gunn
56%
Tajiri
55%
Chuck Palumbo
51%
Nick Patrick
51%
Albert
49%
Chris Kanyon
48%
Sean O'Haire
48%
Mike Awesome
47%
Shawn Stasiak
38%
Hugh Morrus
31%
No matching quizzes found
Score Distribution
Percent of People with Each Score
Percentile by Number Answered
Your Score History
You have not taken this quiz